MDQL
is popping MORE tags! Check the
thread
!
Quizzes
Events
Quiz Creation
Community
Videos
Private Events
Remove Ads
Sign In
Join for FREE
Feedback
Dark Mode
Quiz Categories
Sports
Geography
Music
Movies
Television
Just For Fun
Miscellaneous
History
Literature
Language
Science
Gaming
Entertainment
Religion
Holiday
For Kids
Quiz Lab
Recent
Popular Today
Quiz Kudos Today
Editor Picks
Curator Picks
Quizzes by...
Day
Popularity
Type
Ratings
Length
Year
Community
Subscriptions
Recent Discussions
Orange Saloon
Badges
Playlists
Quests
Create
Leaderboards
Showdown
Live 5
Trivia Bingo
Activity
Puzzle Library
Sporcle Events
Private Events
Virtual Trivia
Globe League
Become a Host
Pub Owners
SporcleCon
Opinionation
Our Games
Videos
Blog
Mobile Apps
Partnerships
Remove Ads and Go Orange
Feedback
Movies
Disney
Marvel Cinematic Universe
Movie Resume
Movie Titles
Oscar
Actor
Actress
Director
Pixar
Role
Movie Quotes
Movie Characters
Box Office
Nominee
Best Picture
Star Wars
James Bond
Horror Movies
Movies
Disney
Marvel Cinematic Universe
Movie Resume
Movie Titles
Oscar
Actor
Actress
Director
Pixar
Role
Movie Quotes
Movie Characters
Box Office
Nominee
Best Picture
Star Wars
James Bond
Horror Movies
Random Quiz
Search Sporcle
×
Quiz Lab
Quiz Lab
Movies
Famous
Type in answers that appear in a list
Type in answers that appear in a list
Classic
Best Score? Go Orange.
Captain's monologue in Cool Hand Luke Stats
Can you type the words spoken in the Captain's famous monologue in Cool Hand Luke
By
KansasJayhawk
6m
52 Questions
252 Plays
252 Plays
252 Plays
Comments
Comments
Give Quiz Kudos
Give Quiz Kudos
-
- Ratings
hide this ad
Replay
Link that replays current quiz
Next Quiz
Link to next quiz in quiz playlist
You Got
0%
They Got
Avg Score
70%
Avg Friend Score
Upgrade to see
Score Distribution
Jump to the score distribution portion of the page
Score
0/52
Timer
06:00
0
Plays Today
Answer
% Correct
we
94.8%
What
94.4%
what
94.4%
to
93.7%
to
93.7%
is
92.1%
is
92.1%
failure
91.3%
communicate.
90.9%
he
90.1%
he
90.1%
here
89.3%
the
84.5%
you
84.1%
you
84.1%
you
84.1%
you
84.1%
got
80.6%
me.
77%
we've
74.2%
it.
72.6%
it.
72.6%
it
72.6%
Don't
70.6%
don't
70.6%
that
69.8%
Answer
% Correct
way
69.8%
way
69.8%
get
69.4%
like
67.1%
So
66.3%
just
65.5%
can't
65.5%
wants
65.5%
men
64.7%
men.
64.7%
Some
62.3%
gets
61.9%
talk
59.5%
more
59.1%
than
59.1%
Well,
58.3%
any
57.5%
reach.
56.7%
ever
56%
had
52.8%
which
44.8%
last
42.9%
week,
42.9%
NEVER!
38.9%
NEVER!
38.9%
I
35.3%
Quiz Playlist
Details
Report
Send in Message
Add To Playlist
Classic:
Type in answers that appear in a list
Last Updated: Feb 16, 2017
Quiz Scoreboard
CHALLENGE
Sign Up to Join the Scoreboard
Show All
Scores
Hide
Comments
May contain spoilers
Recently Published
Find the 'City' Movie
by crazypaving
Movies
60s
5x2 Blitz: Bands
by SL_Kpop136
Music
30s
Colored Red Africa Blitz
by spor1
Geography
30s
More to Explore
Quiz From the Vault
Featured Blog Post
14 Easter Pick-up Lines to Find Eggs With
hide this ad
You Might Also Like...
Tags
Famous Quiz
captain
cool
hand
luke
monologue
spoken
Today's Top Quizzes in Movies
Browse Movies
hide this ad
Today's Top Quizzes in Famous
Browse Famous
Top Contributed Quizzes in Movies
1
Find The 'Big' Movie
2
Find The 'Wild' Movie
3
Find The 'Blue' Movie
4
Movies By Plot
5
Hidden Star Wars Character II
6
Pick 5 Posters: Directed by Spielberg
7
Hidden Star Wars Character III
8
The ultimate James Bond movie quiz
9
Hidden Star Wars Character IV
10
25 Best Actor Nominees (1990s)
Explore More
Trending Topics
Crossword
Marvel
Disney
Anime
NBA
Harry Potter
Kpop
NFL
The Office
Pokémon
Soccer
Puzzle
Country
Song
WWE
hide this ad
More By:
KansasJayhawk
Quiz
Plays
Rating
Category
Featured
Created
Word Ladder: 1994 Best Picture
23,470
4.51
Just For Fun
Dec 2, 2013
Goosebumps Titles: Real or Fake?
20,704
4.52
Literature
Nov 12, 2013
Kansas Typing Challenge
15,399
4.25
Just For Fun
Apr 2, 2015
New York History Bunker
13,592
4.23
History
Mar 27, 2021
California History Bunker
12,547
4.31
History
Feb 9, 2021
Go to Creator's Profile
Score Distribution
Quiz Creator Spotlight
KansasJayhawk
Follow
Send a Message
Quizzes Created
-
Created Quiz Play Count
-
More By This Creator
Popular Quizzes Today
1
Colored Red Africa Blitz
2
Find the 'City' Movie
3
Find the US States - No Outlines Minefield
4
5x2 Blitz: Bands
5
The Countries of the World
6
Find the US States
7
Find the Countries of Europe - No Outlines Minefield
8
US States
More Movies Quizzes
Mr. Movie Stars (picture click)
Quiz Lab
Trending Quizzes
Colored Red Europe Blitz I
Colored Red Africa Blitz II
Colored Red Europe Blitz II
Colored Red Europe Blitz III
Colored Red Africa Blitz III
Recently Updated
How Do You Spell That?
pecheneg
Godzilla Movies
pecheneg
Grab Bag: 4-10 Letters
pecheneg
2024 March Madness Bracket
pecheneg
Famous TV Couples
Peacemaker
Champions League XIs: Real Madrid
pecheneg
Largest US Cities 1790-2010
pecheneg
Rides in Walt Disney World
pecheneg
Most Oscar Losses (Acting)
pecheneg
Beyoncé Albums
pecheneg
Trending Topics
Kpop
NBA
Disney
Harry Potter
Marvel
Anime
Crossword
WWE
Puzzle
The Office
Pokémon
Country
Song
Soccer
NFL
Your Account Isn't Verified!
In order to create a playlist on Sporcle, you need to verify the email address you used during registration. Go to your
Sporcle Settings
to finish the process.
Report this User
Report this user for behavior that violates our
Community Guidelines
.
Details:
Send Report
Go to the Sporcle.com Mobile Site →
Comments